| 000 | 01164nam a2200313Ia 4500 | ||
|---|---|---|---|
| 001 | Para_8779 | ||
| 003 | CHAP | ||
| 008 | 220125s2003 xx 000 0 und d | ||
| 010 | _a207560 | ||
| 040 | _cCHAP | ||
| 090 | _aPA TESIS 1753 | ||
| 100 |
_aCarrillo Govea, Juan Carlos _919493 |
||
| 245 |
_aSensibilidad de Sclerotinia sclerotiorum (Lib.) de Bary A : _b Iprodiona, Benomyl, Kodiak, Trichoderma harziaum Rifai y Bacillus subtilis Cohen. en frijol (Phaseolus vulgaris L.) / _c por Juan Carlos Carrillo Govea |
||
| 260 |
_aChapingo, Méx. : _b el autor |
||
| 300 | _a53 h. | ||
| 502 | _aTesis (Ing. Agr. Esp. en Parasitología Agrícola) -- UACh. Departamento Parasitología Agrícola | ||
| 650 |
_aControl biológico de hongos _927580 |
||
| 650 |
_aFrijol _x enfermedades por hongos _943369 |
||
| 650 |
_aHongos fitopatógenos _956132 |
||
| 650 |
_aSclerotinia sclerotiorum _9103342 |
||
| 710 |
_aUACh. Departamento Parasitología Agrícola _9164025 |
||
| 901 | _aPA TESIS 1753 | ||
| 902 | _aA | ||
| 905 | _a0000002003 an 0000000000 00 | ||
| 910 | _a2003 | ||
| 942 | _cPARA | ||
| 942 |
_cPARA _d1 |
||
| 999 |
_c207560 _d207560 |
||